000 00374nam a22001697a 4500
005 20160614110329.0
008 160614b xxu||||| |||| 00| 0 eng d
020 _a0-7619-2442-8
041 _aeng
082 _b7352
100 _aCreswel, John W
_91856
245 _aResearch Design
260 _bGage
_c2003
300 _a236
650 _aManagement
_9241
942 _cBK
999 _c2607
_d2606